Managing chemical safety /

Bibliographic Details
Main Author: Nelson, Dennis (Dennis Glenn)
Format: Book
Language:English
Published: Rockville, MD : ABS Consulting/Government Institutes, [2003]
Subjects:

MARC

Tag First Indicator Second Indicator Subfields
LEADER 00000cam a22000004a 4500
001 in00001747721
005 20151025051954.0
008 020402s2003 mdua b 001 0 eng
010 |a  2002066484 
020 |a 0865878382 
035 |a (OCoLC)ocm49550751 
040 |a DLC  |c DLC  |d TXA  |d UtOrBLW 
042 |a pcc 
049 |a TXAM 
050 0 0 |a TP150.S24  |b N45 2003 
082 0 0 |a 660/.2804  |2 21 
100 1 |a Nelson, Dennis  |q (Dennis Glenn) 
245 1 0 |a Managing chemical safety /  |c Dennis G. Nelson. 
264 1 |a Rockville, MD :  |b ABS Consulting/Government Institutes,  |c [2003] 
264 4 |c ©2003 
300 |a xx, 381 pages :  |b illustrations ;  |c 24 cm. 
336 |a text  |b txt  |2 rdacontent 
337 |a unmediated  |b n  |2 rdamedia 
338 |a volume  |b nc  |2 rdacarrier 
504 |a Includes bibliographical references and index. 
650 0 |a Chemical engineering  |x Safety measures. 
945 |a PromptCat 
946 |a qatar 
947 |a Q14800036008 
948 |a cataloged  |b h  |c 2003/7/18  |d c  |e ceaton  |f 9:11:44 am 
994 |a E0  |b TXA 
999 |a MARS 
999 f f |s 46349ef3-0433-388e-80e6-1624d742fc1b  |i 8f307f20-6fb3-35ff-b189-157e0449369c  |t 0 
952 f f |p normal  |a Texas A&M University  |b College Station  |c Sterling C. Evans Library  |d Evans: Library Stacks  |t 0  |e TP150.S24 N45 2003  |h Library of Congress classification  |i unmediated -- volume  |m A14830412933 
998 f f |a TP150.S24 N45 2003  |t 0  |l Evans: Library Stacks